书目信息 |
| 题名: |
位势论
|
|
| 作者: | 张明镛 著 | |
| 分册: | ||
| 出版信息: | 北京 北京大学出版社 1998 |
|
| 页数: | 301页 | |
| 开本: | 20cm | |
| 丛书名: | 北京大学数学丛书 | |
| 单 册: | ||
| 中图分类: | O174.3 | |
| 科图分类: | ||
| 主题词: | 数学分析 | |
| 电子资源: | ||
| ISBN: | 7-301-02781-8 | |
| 000 | 00571nam0 2200205 450 | |
| 001 | 0732828906 | |
| 005 | 20070903090708.90 | |
| 010 | @a7-301-02781-8@d¥16.50 | |
| 100 | @a20070903d km y0chiy0120 ea | |
| 101 | 0 | @achi |
| 200 | 1 | @a位势论@Awei shi lun@f张明镛著@Fzhang ming yong zhu |
| 210 | @a北京@c北京大学出版社@d1998 | |
| 215 | @a301页@d20cm | |
| 225 | 2 | @a北京大学数学丛书 |
| 410 | 0 | @12001 @a北京大学数学丛书 |
| 606 | 0 | @a数学分析 |
| 690 | @aO174.3@v3 | |
| 701 | 0 | @a张明镛@Azhang ming yong@4著 |
| 801 | 0 | @aCN@bPFT@c20070903 |
| 905 | @a213230@dO174.3@eS177@f1 | |
| 位势论/张明镛著.-北京:北京大学出版社,1998 |
| 301页;20cm.-(北京大学数学丛书) |
| ISBN 7-301-02781-8:¥16.50 |
| ● |
| 相关链接 |
|
|
|
|
正题名:位势论
索取号:O174.3/S177
 
预约/预借
| 序号 | 登录号 | 条形码 | 馆藏地/架位号 | 状态 | 备注 |
| 1 | 6702469 | 267024695 | 密集书库-数信学院/ [索取号:O174.3/S177] | 在馆 |